000 nam a22 7a 4500
999 _c55548
_d55548
003 OSt
005 20220913145337.0
008 220913b xxu||||| |||| 00| 0 eng d
040 _cIIMT UNIVERSITY, MEERUT
100 _aAGARWAL, R.S.
245 _aSENIOR SECONDARY SCHOOL MATHEMATICS
260 _aBHARTI BHAWAN PUB.
_bPATNA
_c1990
300 _aDC-342
942 _2ddc
_c09